Su voz en mí

Na minha lista:
Detalhes bibliográficos
Autor principal: Aguilar Machado, Alejandro
Formato: Livro
Idioma:Undetermined
Publicado em: San José, Costa Rica Torno Ltda. 1961
Assuntos:
Tags: Adicionar Tag
Sem tags, seja o primeiro a adicionar uma tag!

MARC

LEADER 00000nam a2200000Ia 4500
008 170316s9999 xx 000 0 und d
040 |a cru BVZT 
090 |a 100 A-6s 
100 |a Aguilar Machado, Alejandro 
245 |a Su voz en mí 
260 |a San José, Costa Rica 
260 |b Torno Ltda. 
260 |c 1961 
300 |a 59 páginas 
650 |a FILOSOFÍA 
650 |a LITERATURA COSTARRICENSE 
942 |c 15 D 
999 |c 15432  |d 15432